Gaya kepimpinan pengetua dari persepsi guru-guru sekolah menengah teknik di Negeri Selangor dan hubungannya dengan kepuasan kerja di kalangan guru-guru /
Saved in:
| Main Author: | |
|---|---|
| Format: | Thesis Book |
| Language: | Malay |
| Published: |
1998.
|
| Subjects: | |
| Tags: |
Add Tag
No Tags, Be the first to tag this record!
|
| LEADER | 01157cam a2200265 a 4500 | ||
|---|---|---|---|
| 001 | u429391 | ||
| 003 | SIRSI | ||
| 008 | 980925s1998 my t may m | ||
| 040 | |a UMM | ||
| 043 | |a a-my-se | ||
| 090 | |a LB2831.626 |b M4Norz | ||
| 091 | |a Microfiche 13864 | ||
| 100 | 0 | 0 | |a Norbaini Zakaria. |
| 245 | 1 | 0 | |a Gaya kepimpinan pengetua dari persepsi guru-guru sekolah menengah teknik di Negeri Selangor dan hubungannya dengan kepuasan kerja di kalangan guru-guru / |c Norbaini Bt Zakaria. |
| 260 | |c 1998. | ||
| 300 | |a vii, 55 leaves [append.] : |b ill. ; |c 30 cm. | ||
| 500 | |a Microfiche. Kuala Lumpur : University of Malaya Library, 1998. 1 fiche : negative ; 11 x 15 cm. | ||
| 502 | |a Dissertation (M. Mgmt.) -- Fakulti Perniagaan dan Perakaunan, Universiti Malaya, 1998. | ||
| 504 | |a Bibliography: leaves 53-55. | ||
| 650 | 0 | |a School principals |z Selangor |x Attitudes. | |
| 650 | 0 | |a Teachers |x Job satisfaction |z Selangor. | |
| 710 | 2 | 0 | |a Universiti Malaya. |b Fakulti Perniagaan dan Perakaunan. |
| 948 | |a 25/09/1998 |b 10/06/2002 | ||
| 596 | |a 1 | ||
| 999 | |a LB2831.626 M4NORZ |w LC |c 1 |i A508301304 |d 12/10/2016 |e 12/10/2016 |l STACKS |m P01UTAMA |n 65 |r Y |s Y |t TESIS |u 21/10/1998 | ||
